Statistics for Doctor Who Episodes by the Celebrity Role

Click here to take the quiz!

General Stats

  • This quiz has been taken 11 times
  • The average score is 26 of 32

Answer Stats

CelebrityRoleDoctor Who Episode% Correct
Toby JonesThe Dream LordAmy's Choice
100%
Carey MulliganSally SparrowBlink
100%
David BradleySolomon/The DoctorDinosaurs on a Spaceship/The Doctor Falls/Twice Upon a Time
100%
James CordenCraig OwensThe Lodger/Closing Time
100%
Simon PeggThe EditorThe Long Game
100%
David MorrisseyJackson Lake/The DoctorThe Next Doctor
100%
Michael GambonKazran SardickA Christmas Carol
88%
Andrew GarfieldFrankDaleks in Manhattan/Evolution of the Daleks
88%
Nick FrostSanta ClausDeath in Heaven/Last Christmas
88%
Mark WilliamsBrian WilliamsDinosaurs on a Spaceship/The Power of Three
88%
Thomas Brodie-SangsterTim LatimerHuman Nature/The Family of Blood
88%
Warwick DavisPorridgeNightmare in Silver
88%
Olivia ColmanMotherThe Eleventh Hour
88%
Zoë WanamakerLady CassandraThe End of the World/New Earth
88%
Mark SheppardCanton Everett Delaware IIIThe Impossible Astronaut/Day of the Moon
88%
Ian McKellenThe Great IntelligenceThe Snowmen
88%
Kylie MinogueAstrid PethVoyage of the Damned
88%
Tom EllisThomas MilliganLast of the Time Lords
75%
Peter KayVictor KennedyLove & Monsters
75%
Colin MorganJethro CaneMidnight
75%
Michael SheenHouseThe Doctor's Wife
75%
David HarewoodJoshua NaismithThe End of Time Part One/The End of Time Part Two
75%
Timothy DaltonRassilonThe End of Time Part One/The End of Time Part Two
75%
David WalliamsGibbisThe God Complex
75%
Felicity JonesRobina RedmondThe Unicorn and the Wasp
75%
Derek JacobiProfessor Yana/The MasterUtopia
75%
Bill NighyDr. BlackVincent and the Doctor
75%
Liam CunninghamCaptain ZhukovCold War
63%
Stephen FryCSpyfall Part One
63%
Bill BaileyDroxilThe Doctor, the Widow and the Wardrobe
63%
Dougray ScottProfessor Alec PalmerHide
50%
Imelda StauntonThe InterfaceThe Girl Who Waited
50%

Score Distribution

Percentile by Number Answered

Percent of People with Each Score

Your Score History

You have not taken this quiz